Exhalations/ (Record no. 10861)

MARC details
000 -LEADER
fixed length control field 00646 a2200193 4500
010 ## - LIBRARY OF CONGRESS CONTROL NUMBER
LC control number ENG-89570
020 ## - INTERNATIONAL STANDARD BOOK NUMBER
Terms of availability 200.00
International Standard Book Number 8170174848
035 ## - SYSTEM CONTROL NUMBER
System control number EN-73103
037 ## - SOURCE OF ACQUISITION
Source of stock number/acquisition DBAD / PUB
082 14 - DEWEY DECIMAL CLASSIFICATION NUMBER
Classification number 881
090 ## - LOCALLY ASSIGNED LC-TYPE CALL NUMBER (OCLC); LOCAL CALL NUMBER (OCLC)
-- 11166
-- 11166
100 1# - MAIN ENTRY--PERSONAL NAME
Personal name Basu, Romen
245 1# - TITLE STATEMENT
Title Exhalations/
Statement of responsibility, etc by Romen Basu
260 ## - PUBLICATION, DISTRIBUTION, ETC. (IMPRINT)
Place of publication, distribution, etc New Delhi
Name of publisher, distributor, etc Abhinav Publications
Date of publication, distribution, etc 2006
270 ## - ADDRESS
Address E-37, Hauz Khas
City New Delhi
Postal code 110 016
State or province Delhi
Telephone number 26566387, 26562784, 26524658
Fax number 26857009
Electronic mail address www.abhinavexports.com
300 ## - PHYSICAL DESCRIPTION
Extent 90p.
Dimensions 22cm (Hb)
942 ## - ADDED ENTRY ELEMENTS (KOHA)
Institution code [OBSOLETE] dpl
Koha item type English Books
Call number prefix 881/ BAS
Holdings
Withdrawn status Lost status Source of classification or shelving scheme Damaged status Not for loan Collection code Home library Current library Source of acquisition Cost, normal purchase price Total Checkouts Full call number Barcode Date last seen Copy number Uniform Resource Identifier Cost, replacement price Price effective from Koha item type
    Dewey Decimal Classification   Not For Loan Non-fiction D.B.Act.Division D.B.Act.Division DBAD/PUB 200.00   881 BAS EN-73103 15/09/2008 1 11958 200.00 15/09/2008 English Books

© Delhi Public Library
Hit Counter
free hit counter